Nenavlékejte hrochovi ponožky a další pravidla byznysu

Salvato in:
Dettagli Bibliografici
Autore principale: Kelley, Terry
Altri autori: Lisa, Aleš
Natura: Libro
Lingua:ceco
Pubblicazione: Praha MANAGEMENT PRESS 2002
Soggetti:
Tags: Aggiungi Tag
Nessun Tag, puoi essere il primo ad aggiungerne!!

MARC

LEADER 00000nam a2200000 4500
001 c141590
005 20221124092540.0
020 |a 80-7261-070-8 
041 0 |a cze 
044 |a CZ 
245 1 0 |a Nenavlékejte hrochovi ponožky  |b a další pravidla byznysu  |c Terry Kelley ; [preklad: Aleš Lisa] 
264 1 |a Praha  |b MANAGEMENT PRESS  |c 2002 
300 |a 227 s. 
610 2 0 |a podnikanie 
610 2 0 |a práca 
610 2 0 |a kariéra 
610 2 0 |a manažment 
610 2 0 |a vedenie 
610 2 0 |a riziko 
610 2 0 |a organizácia 
610 2 0 |a komunikácia 
610 2 0 |a vzťahy medziľudské 
610 2 0 |a poradenstvo 
610 2 0 |a riadenie 
610 2 0 |a práca riadiaca 
100 1 |a Kelley, Terry 
700 1 |a Lisa, Aleš